| 000 | 00398nam a2200157Ia 4500 | ||
|---|---|---|---|
| 008 | 210716s2009 xx 000 0 und d | ||
| 020 | _a9788126519088 | ||
| 041 | _aeng | ||
| 082 | _a621.3822 APTS | ||
| 100 | _aApte, Shaila Dinkar. | ||
| 245 | _aDigital signal processing. | ||
| 250 | _a1 | ||
| 260 |
_aNew Delhi _bWiley India Pvt Ltd _c2009 |
||
| 300 | _axvii,290 | ||
| 650 | _aDigital Systems | ||
| 999 |
_c189416 _d189416 |
||